<?xml version="1.0" encoding="UTF-8"?>
<collection xmlns="http://www.loc.gov/MARC21/slim">
 <record>
  <leader>00599nam a22001455a 4500</leader>
  <controlfield tag="001">EEA.libagro005299</controlfield>
  <controlfield tag="005">20180912122956.0</controlfield>
  <controlfield tag="008">130809s1994####mx#a##########100#0#spa#d</controlfield>
  <datafield tag="082" ind1="0" ind2="4">
   <subfield code="a">635.9</subfield>
  </datafield>
  <datafield tag="111" ind1="2" ind2=" ">
   <subfield code="a">Congreso Nacional de Horticultura Ornamental</subfield>
   <subfield code="n">(4 :</subfield>
   <subfield code="d">20-25 de marzo de 1994 :</subfield>
   <subfield code="c">Chapingo, México)</subfield>
  </datafield>
  <datafield tag="245" ind1="1" ind2="0">
   <subfield code="a">IV Congreso Nacional de Horticultura Ornamental.</subfield>
  </datafield>
  <datafield tag="260" ind1=" " ind2=" ">
   <subfield code="a">Chapingo :</subfield>
   <subfield code="b">Universidad Autónoma de Chapingo,</subfield>
   <subfield code="c">1994.</subfield>
  </datafield>
  <datafield tag="300" ind1=" " ind2=" ">
   <subfield code="a">193 p. :</subfield>
   <subfield code="b">il. ;</subfield>
   <subfield code="c">28 cm.</subfield>
  </datafield>
  <datafield tag="490" ind1="1" ind2=" ">
   <subfield code="a">Revista Chapingo. Serie Horticultura,</subfield>
   <subfield code="x">0186-3231 ;</subfield>
   <subfield code="v">v. 1 nº 1</subfield>
  </datafield>
  <datafield tag="859" ind1=" " ind2=" ">
   <subfield code="a">AR-BbBCA</subfield>
   <subfield code="b">BIB. AGRONOMIA</subfield>
   <subfield code="h">635.9</subfield>
   <subfield code="i">C749 4 1994</subfield>
   <subfield code="p">1996/2572</subfield>
  </datafield>
 </record>
</collection>
